Haiti Země autoritářských režimů, vojenských převratů, velké chudoby a přírodních katastrof

Niektoré charakteristiky, prečo Haiti patrí medzi najchudobnejšie štáty sveta. Časté striedanie vládnucich skupín. Zaostalosť obyvateľstva, obchod s drogami a nekonkurencieschopnosť ekonomiky. Spoločenské napätie a občianska vojna v r. 2004. Nestabilná politická situácia. Negatívny vplyv prírodných...

Full description

Saved in:
Bibliographic Details
Main Author: Papež, Kamil
Format: Book Chapter
Language:Czech
Subjects:
Tags: Add Tag
No Tags, Be the first to tag this record!

MARC

LEADER 00000naa$a2200000$$$4500
001 0111652
005 20231016094216.2
041 0 |a cze 
044 |a CZ 
245 1 0 |a Haiti  |b Země autoritářských režimů, vojenských převratů, velké chudoby a přírodních katastrof  |c Kamil Papež 
520 |a Niektoré charakteristiky, prečo Haiti patrí medzi najchudobnejšie štáty sveta. Časté striedanie vládnucich skupín. Zaostalosť obyvateľstva, obchod s drogami a nekonkurencieschopnosť ekonomiky. Spoločenské napätie a občianska vojna v r. 2004. Nestabilná politická situácia. Negatívny vplyv prírodných živlov. 
610 2 0 |a politika 
610 2 0 |a vláda 
610 2 0 |a korupcia 
610 2 0 |a chudoba 
610 2 0 |a situácia hospodárska 
610 2 0 |a vojny 
610 2 0 |a Haiti 
100 1 |a Papež, Kamil